Statistics for Five Smallest Island Countries by Continent

Click here to take the quiz!

General Stats

  • This quiz has been taken 1,730 times
  • The average score is 22 of 24

Answer Stats

ContinentCountry% Correct
EuropeMalta
98%
AfricaSeychelles
95%
EuropeIreland
95%
EuropeIceland
94%
OceaniaNauru
94%
EuropeUnited Kingdom
93%
AfricaSão Tomé & Príncipe
93%
OceaniaTuvalu
93%
North AmericaSt. Kitts and Nevis
93%
AfricaCape Verde
93%
OceaniaPalau
92%
North AmericaSt. Vincent & the Grenadines
92%
AfricaMauritius
92%
AfricaComoros
92%
AsiaMaldives
91%
North AmericaBarbados
89%
North AmericaAntigua & Barbuda
88%
OceaniaMarshall Islands
88%
AsiaCyprus
87%
North AmericaGrenada
87%
OceaniaFed. States Micronesia
87%
AsiaSingapore
86%
AsiaBrunei
80%
AsiaBahrain
79%

Score Distribution

Percentile by Number Answered

Percent of People with Each Score

Your Score History

You have not taken this quiz